LDR 00828naa#a2200169#i#450# 001 RU\\bibl\120748 005 20260428161114.2 011 ## _a2782-5256 100 ## _a20251225b2025####ek#y0rusy0150####ca 102 ## _aRU 200 1# _aНекоторые вопросы уголовной ответственности за мошенничество, связанное с незаконным оборотом и регистрацией недвижимости _eЖурнальная статья 210 1# _aМосква _cМосковский университет МВД России имени В.Я. Кикотя _d2025 215 ## _a4 с. 608 ## _aЖурнальная статья _2local 675 ## _aПраво. Юридические науки. 34 _z 700 #1 _aАко _gГалеб Самерович 856 4# _amosumvd.editorum.ru _u